| 000 | 02508nam a2200241Ia 4500 | ||
|---|---|---|---|
| 003 | Ost | ||
| 005 | 20260507075315.0 | ||
| 008 | 260507s9999||||xx |||||||||||||| ||und|| | ||
| 020 | _a9957166496 | ||
| 040 | _cfsecg | ||
| 041 | _aara | ||
| 082 | _a352.749 | ||
| 100 |
_aعساف، شذى أحمد _eمؤلف |
||
| 245 | 0 |
_aشطب العلامة التجارية في ضوء اجتهاد محكمة العدل العليا / _c شذى أحمد عساف |
|
| 260 |
_aعمان: _bدار الثقافة للنشر والتوزيع, _c2011 |
||
| 300 |
_a301 صفحة؛ _c25 سم |
||
| 504 | _aببليوغرافيا: ص.293-301 | ||
| 520 | _aالمقدمة-الفصل الأول : أسباب شطب العلامة التجارية المسجلة : المبحث الأول : شطب العلامة التجارية المسجلة لمخالفة شروط التسجيل : المطلب الأول : شطب العلامة التجارية المسجلة لمخالفة إجراءات التسجيل : المطلب الثاني : شطب العلامة التجارية المسجلة لمخالفة الشروط الموضوعية : المبحث الثاني : شطب العلامة التجارية المسجلة لأسباب متعلقة بمالكها : المطلب الأول : شطب العلامة التجارية المسجلة بسبب عدم الاستعمال : المطلب الثاني : شطب العلامة التجارية المسجلة بسبب عدم التجديد وبناء على طلب مالكها-الفصل الثاني : إجراءات شطب العلامة التجارية المسجلة وآثارها : المبحث الأول : إجراءات شطب العلامة التجارية المسجلة : المطلب الأول : إجراءات شطب العلامة التجارية لمخالفتها شروط التسجيل الشكلية والموضوعية : المطلب الثاني : إجراءات شطب العلامة التجارية لأسباب متعلقة بمالكها : المبحث الثاني : آثار شطب العلامة التجارية المسجلة : المطلب الأول : أثر شطب العلامة المسجلة على ملكيتها والتصرفات الواردة عليها : المطلب الثاني : أثر شطب العلامة المسجلة على حمايتها القانونية | ||
| 653 | _aالتجارة | ||
| 653 | _aالعلامات التجارية | ||
| 653 | _aالقانون التجاري | ||
| 942 | _cكتاب | ||
| 999 |
_c43892 _d43892 |
||